[Event "Regionalliga Sued-West 1819"]
[Site "Bayern"]
[Date "2019.03.24"]
[Round "8.4"]
[White "Leitner, Maximilian"]
[Black "Osten, David"]
[Result "1-0"]
[WhiteElo "2172"]
[BlackElo "1946"]
[PlyCount "75"]
[EventDate "2018.10.21"]
[EventType "team-tourn"]
[EventRounds "9"]
[EventCountry "GER"]
[SourceTitle "EXT 2022"]
[Source "ChessBase"]
[SourceDate "2021.10.06"]
[SourceVersion "1"]
[SourceVersionDate "2021.10.06"]
[SourceQuality "1"]
[WhiteTeam "Muenchen Bayern III"]
[BlackTeam "Garching III"]
[WhiteTeamCountry "GER"]
[BlackTeamCountry "GER"]

1. c4 e5 2. Nc3 Nf6 3. g3 Bb4 4. Bg2 0-0 5. Nf3 Re8 6. 0-0 c6 7. Qb3 Ba5 8. d3 h6 9. Ne1 d5 10. cxd5 Bxc3 11. bxc3 cxd5 12. c4 Nc6 13. cxd5 Nd4 14. Qb2 Nxd5 15. e3 Nc6 16. Bd2 Re7 17. Nf3 Bg4 18. Rfc1 Nb6 19. Ne1 Rc8 20. a4 Nd5 21. Rc5 Rd7 22. Rac1 Rb8 23. Nf3 Nb6 24. Qa1 Rxd3 25. Bc3 f6 26. a5 Nd5 27. Be1 Qd7 28. Qb1 Nde7 29. Nd4 Nxd4 30. exd4 Qxd4 31. Rc7 Nf5 32. R7c4 Qxc4 33. Rxc4 Rd1 34. Rc1 Rxc1 35. Qxc1 Nd4 36. Qe3 b6 37. h3 Be6 38. f4 1-0

[Event "Regionalliga Sued-West 1819"]
[Site "Bayern"]
[Date "2018.12.16"]
[Round "4.4"]
[White "Leitner, Maximilian"]
[Black "Ritzka, Simon"]
[Result "1/2-1/2"]
[WhiteElo "2172"]
[BlackElo "2011"]
[PlyCount "72"]
[EventDate "2018.10.21"]
[EventType "team-tourn"]
[EventRounds "9"]
[EventCountry "GER"]
[SourceTitle "EXT 2022"]
[Source "ChessBase"]
[SourceDate "2021.10.06"]
[SourceVersion "1"]
[SourceVersionDate "2021.10.06"]
[SourceQuality "1"]
[WhiteTeam "Muenchen Bayern III"]
[BlackTeam "Altstadt Roter Turm"]
[WhiteTeamCountry "GER"]
[BlackTeamCountry "GER"]

1. Nf3 d5 2. e3 Nf6 3. b3 g6 4. Bb2 Bg7 5. c4 c6 6. Be2 0-0 7. 0-0 a6 8. d3 b5 9. cxd5 cxd5 10. Nbd2 Nc6 11. Nd4 Nxd4 12. Bxd4 Re8 13. Nf3 Bg4 14. Rc1 Rc8 15. Qd2 Qd6 16. Rxc8 Rxc8 17. Rc1 Rc6 18. h3 Bxf3 19. Bxf3 Qc7 20. Rxc6 Qxc6 21. Qa5 Ne8 22. Bxg7 Kxg7 23. Qd2 Nd6 24. Qb2+ Kg8 25. b4 e6 26. g4 Nc8 27. Kg2 Nb6 28. Qf6 Nd7 29. Qd4 Qc7 30. h4 h6 31. a3 Kh7 32. Qb2 Kg8 33. Be2 Qc6 34. Bf3 Qc7 35. Be2 Qc6 36. Bf3 Qc7 1/2-1/2

[Event "Regionalliga Sued-West 1819"]
[Site "Bayern"]
[Date "2018.11.11"]
[Round "2.4"]
[White "Leitner, Maximilian"]
[Black "Schmidt, Olaf"]
[Result "1/2-1/2"]
[WhiteElo "2172"]
[BlackElo "2042"]
[PlyCount "71"]
[EventDate "2018.10.21"]
[EventType "team-tourn"]
[EventRounds "9"]
[EventCountry "GER"]
[SourceTitle "EXT 2022"]
[Source "ChessBase"]
[SourceDate "2021.10.06"]
[SourceVersion "1"]
[SourceVersionDate "2021.10.06"]
[SourceQuality "1"]
[WhiteTeam "Muenchen Bayern III"]
[BlackTeam "Augsburg SK Rochade"]
[WhiteTeamCountry "GER"]
[BlackTeamCountry "GER"]

1. c4 e6 2. g3 d5 3. Bg2 Nf6 4. Nf3 dxc4 5. Qa4+ Bd7 6. Qxc4 c5 7. Ne5 Qc8 8. d3 Nc6 9. Nxd7 Qxd7 10. Qa4 Rc8 11. Nd2 Be7 12. Bxc6 Qxc6 13. Qxc6+ Rxc6 14. b3 Nd5 15. Bb2 0-0 16. 0-0 h5 17. Nf3 Bf6 18. Bxf6 gxf6 19. Rfc1 Rfc8 20. Rc4 b5 21. Rcc1 c4 22. Nd4 Rc5 23. dxc4 bxc4 24. a3 Nb6 25. b4 Rd5 26. e3 e5 27. Nf5 Kf8 28. Rc2 Na4 29. e4 Rd4 30. Rac1 c3 31. Kg2 Ke8 32. Kf3 Rcc4 33. Ne3 Rc6 34. Nf1 Rcc4 35. Ne3 Rc6 36. Rd1 1/2-1/2

[Event "Regionalliga Sued-West 1718"]
[Site "Bayern"]
[Date "2018.03.18"]
[Round "8.3"]
[White "Neiss, Josef Martin"]
[Black "Leitner, Maximilian"]
[Result "1/2-1/2"]
[WhiteElo "2031"]
[BlackElo "2189"]
[PlyCount "102"]
[EventDate "2017.10.22"]
[EventType "team-tourn"]
[EventRounds "9"]
[EventCountry "GER"]
[SourceTitle "EXT 2022"]
[Source "ChessBase"]
[SourceDate "2021.10.06"]
[SourceVersion "1"]
[SourceVersionDate "2021.10.06"]
[SourceQuality "1"]
[WhiteTeam "Mering"]
[BlackTeam "Muenchen FC Bayern"]
[WhiteTeamCountry "GER"]
[BlackTeamCountry "GER"]

1. Nf3 c5 2. c4 Nc6 3. g3 g6 4. Bg2 Bg7 5. Nc3 e5 6. 0-0 Nge7 7. Ne1 d6 8. Nc2 Rb8 9. Ne3 a6 10. a4 0-0 11. Ned5 Nxd5 12. Nxd5 Ne7 13. d3 Be6 14. Bg5 f6 15. Nxe7+ Qxe7 16. Bd2 Qd7 17. b4 Bh3 18. Qb3 Bxg2 19. Kxg2 f5 20. f3 e4 21. Rab1 exf3+ 22. exf3 Rfe8 23. Rfe1 Rxe1 24. Rxe1 Re8 25. b5 Rxe1 26. Bxe1 Qe8 27. Qd1 Qe5 28. Kf1 Kf7 29. bxa6 bxa6 30. Qb3 Qb2 31. Qxb2 Bxb2 32. Ke2 Ke6 33. g4 Be5 34. h3 Bd4 35. Bd2 Bg7 36. Bf4 Be5 37. Bg5 Bd4 38. Bf4 Be5 39. Be3 Bg7 40. Kf1 Be5 41. Kf2 Kf7 42. gxf5 gxf5 43. Kf1 Kg6 44. Kg2 Kh5 45. Bd2 Kg6 46. Be3 Kh5 47. Bd2 Kg6 48. Kf2 Kh5 49. Kg2 Kg6 50. Be3 Kh5 51. Bd2 Kg6 1/2-1/2

[Event "Regionalliga SW 1617"]
[Site "Bayern"]
[Date "2017.02.05"]
[Round "5.2"]
[White "Leitner, Maximilian"]
[Black "Jussupow, Nadejda"]
[Result "1/2-1/2"]
[WhiteElo "2223"]
[BlackElo "2097"]
[PlyCount "82"]
[EventDate "2016.10.16"]
[EventType "team-tourn"]
[EventRounds "9"]
[EventCountry "GER"]
[SourceTitle "EXT 2019"]
[Source "ChessBase"]
[SourceDate "2018.10.10"]
[SourceVersion "1"]
[SourceVersionDate "2018.10.10"]
[SourceQuality "1"]
[WhiteTeam "Bayern Muenchen III"]
[BlackTeam "Krumbach"]
[WhiteTeamCountry "GER"]
[BlackTeamCountry "GER"]

1. c4 g6 2. Nc3 Bg7 3. g3 d6 4. Bg2 e5 5. e4 Nc6 6. Nge2 Be6 7. d3 Qd7 8. h3 h5 9. Be3 Nge7 10. Nd5 0-0 11. Qd2 Nd4 12. Nxd4 exd4 13. Bg5 f6 14. Bh6 Rae8 15. Bxg7 Kxg7 16. Nf4 Bf7 17. Ne2 c5 18. 0-0 b5 19. b3 Rb8 20. h4 Rb6 21. Nf4 bxc4 22. dxc4 Nc6 23. Nd5 Rb7 24. f4 f5 25. Rae1 Re8 26. Bh3 Be6 27. exf5 Bxf5 28. Bxf5 gxf5 29. Rxe8 Qxe8 30. Re1 Qf7 31. Qe2 a5 32. Qe6 Qxe6 33. Rxe6 Rd7 34. Kf2 Nb4 35. Re2 Kf7 36. Ke1 Rb7 37. Kd1 Ra7 38. Nb6 Re7 39. a3 Rxe2 40. Kxe2 Nc2 41. a4 Nb4 1/2-1/2

[Event "Regionalliga SW 1617"]
[Site "Bayern"]
[Date "2016.12.04"]
[Round "3.2"]
[White "Leitner, Maximilian"]
[Black "Krug, Norbert"]
[Result "1/2-1/2"]
[WhiteElo "2223"]
[BlackElo "2202"]
[PlyCount "39"]
[EventDate "2016.10.16"]
[EventType "team-tourn"]
[EventRounds "9"]
[EventCountry "GER"]
[SourceTitle "EXT 2019"]
[Source "ChessBase"]
[SourceDate "2018.10.10"]
[SourceVersion "1"]
[SourceVersionDate "2018.10.10"]
[SourceQuality "1"]
[WhiteTeam "Bayern Muenchen III"]
[BlackTeam "Mering"]
[WhiteTeamCountry "GER"]
[BlackTeamCountry "GER"]

1. c4 Nf6 2. g3 d6 3. Bg2 g6 4. Nc3 Bg7 5. e3 0-0 6. Nge2 e5 7. 0-0 Nbd7 8. d3 Re8 9. Rb1 Nc5 10. b4 Ne6 11. h3 Ng5 12. Kh2 e4 13. dxe4 Nfxe4 14. Nxe4 Nxe4 15. Bb2 Bxb2 16. Rxb2 h5 17. Qd4 Bf5 18. Nc3 Nxc3 19. Qxc3 Rb8 20. Rd1 1/2-1/2

[Event "Oberliga Bayern 0809"]
[Site "Bayern"]
[Date "2009.03.01"]
[Round "7.4"]
[White "Leitner, Maximilian"]
[Black "Reis, Thomas"]
[Result "1-0"]
[WhiteElo "2217"]
[BlackElo "2110"]
[PlyCount "89"]
[EventDate "2008.10.05"]
[EventType "team-tourn"]
[EventRounds "9"]
[EventCountry "GER"]
[SourceTitle "EXT 2020"]
[Source "ChessBase"]
[SourceDate "2019.10.17"]
[SourceVersion "1"]
[SourceVersionDate "2019.10.17"]
[SourceQuality "1"]
[WhiteTeam "Bayern Muenchen II"]
[BlackTeam "Wuerzburg"]
[WhiteTeamCountry "GER"]
[BlackTeamCountry "GER"]

1. c4 e6 2. g3 f5 3. Bg2 Nf6 4. Nf3 Be7 5. 0-0 0-0 6. b3 d6 7. d4 Ne4 8. Bb2 Bf6 9. Qc2 Nc6 10. Rd1 Qe8 11. Nc3 Nxc3 12. Bxc3 e5 13. dxe5 dxe5 14. Qb2 e4 15. Nd4 Nxd4 16. Bxd4 Bd7 17. Qd2 Bxd4 18. Qxd4 Bc6 19. e3 Qe7 20. Qc3 a5 21. c5 Bb5 22. Bf1 Bxf1 23. Kxf1 Qf6 24. Rd4 h5 25. h4 Rad8 26. Rad1 Rxd4 27. Rxd4 b6 28. Qc4+ Kh7 29. Qd5 Re8 30. cxb6 cxb6 31. Qd7 Re6 32. Kg2 Kg6 33. Rd5 Kh7 34. a3 Qg6 35. b4 axb4 36. axb4 Rf6 37. Qc8 Qg4 38. Rd8 Qf3+ 39. Kg1 Kg6 40. Rd7 Kh7 41. Rd8 Kg6 42. Qc4 Qg4 43. Qg8 f4 44. Qe8+ Kh6 45. Qxe4 1-0

[Event "Oberliga Bayern 0809"]
[Site "Bayern"]
[Date "2009.01.18"]
[Round "5.7"]
[White "Ruetzel, Wolfgang"]
[Black "Leitner, Maximilian"]
[Result "1/2-1/2"]
[WhiteElo "2023"]
[BlackElo "2217"]
[PlyCount "94"]
[EventDate "2008.10.05"]
[EventType "team-tourn"]
[EventRounds "9"]
[EventCountry "GER"]
[SourceTitle "EXT 2020"]
[Source "ChessBase"]
[SourceDate "2019.10.17"]
[SourceVersion "1"]
[SourceVersionDate "2019.10.17"]
[SourceQuality "1"]
[WhiteTeam "Burgsinn"]
[BlackTeam "Bayern Muenchen II"]
[WhiteTeamCountry "GER"]
[BlackTeamCountry "GER"]

1. c4 c5 2. Nc3 Nc6 3. g3 g6 4. Bg2 Bg7 5. e4 d6 6. Nge2 Rb8 7. Rb1 Nf6 8. h3 0-0 9. 0-0 Ne8 10. d3 Nc7 11. Be3 Ne6 12. Kh2 Bd7 13. Qd2 Re8 14. a3 a5 15. Nb5 Ned4 16. Nexd4 Nxd4 17. Nxd4 cxd4 18. Bh6 Bxh6 19. Qxh6 b5 20. b3 bxc4 21. bxc4 Qc7 22. Qd2 Qc5 23. Qa2 Qa7 24. f4 Kg7 25. Rf2 Rxb1 26. Qxb1 Rb8 27. Rb2 Rxb2 28. Qxb2 f6 29. h4 e5 30. Bh3 Bc6 31. Be6 Qb7 32. Qxb7+ Bxb7 33. Kg2 Bc6 34. Kf2 exf4 35. gxf4 Kh6 36. Bg4 g5 37. Kg3 Kg6 38. Bf5+ Kh6 39. fxg5+ fxg5 40. hxg5+ Kxg5 41. Bxh7 Ba4 42. Kf2 Kf4 43. Ke2 Be8 44. Kd2 Bd7 45. Bg6 Bc6 46. Bh5 Bd7 47. Bd1 Be8 1/2-1/2

[Event "Landesliga Sued 0506"]
[Site "Bayern"]
[Date "2006.03.12"]
[Round "8.2"]
[White "Miskevicer, Boris"]
[Black "Leitner, Maximilian"]
[Result "1-0"]
[WhiteElo "2138"]
[BlackElo "2231"]
[PlyCount "103"]
[EventDate "2005.10.23"]
[EventType "team-tourn"]
[EventRounds "9"]
[EventCountry "GER"]
[SourceTitle "EXT 2007"]
[Source "ChessBase"]
[SourceDate "2006.11.23"]
[SourceVersion "1"]
[SourceVersionDate "2006.11.23"]
[SourceQuality "1"]
[WhiteTeam "Schwabing SG Nord"]
[BlackTeam "Bayern Muenchen II"]
[WhiteTeamCountry "GER"]
[BlackTeamCountry "GER"]

1. d4 Nf6 2. c4 e6 3. g3 Bb4+ 4. Nd2 0-0 5. Bg2 d6 6. Ngf3 Qe7 7. 0-0 Bxd2 8. Nxd2 e5 9. dxe5 dxe5 10. Ne4 Nxe4 11. Bxe4 c6 12. Qc2 h6 13. Bg2 Be6 14. b3 Nd7 15. Bb2 Rfd8 16. Rad1 f6 17. Rd2 Nf8 18. Rfd1 Bf7 19. h3 Bg6 20. Qc3 Ne6 21. e3 Rxd2 22. Rxd2 Rd8 23. b4 e4 24. h4 Bf5 25. c5 Rxd2 26. Qxd2 Nc7 27. Qd4 a6 28. Bf1 Nd5 29. b5 axb5 30. Bxb5 Bg4 31. Bf1 Qe6 32. a4 Bf3 33. a5 Kh8 34. a6 bxa6 35. Qa4 Nc7 36. Bc3 Qd5 37. Bd4 Nb5 38. Bc4 Qd8 39. Qxa6 Nxd4 40. exd4 Kh7 41. Qxc6 Qxd4 42. Bb5 Qa1+ 43. Bf1 Qb1 44. Qa4 Qe1 45. Qd4 Bg4 46. Qe3 Qb1 47. c6 h5 48. c7 Qc2 49. Qf4 Kg6 50. Bg2 Bf3 51. g4 hxg4 52. Bxf3 1-0

[Event "Landesliga Sued 0405"]
[Site "Bayern"]
[Date "2005.01.16"]
[Round "5.4"]
[White "Leitner, Maximilian"]
[Black "Schmid, Franz"]
[Result "1-0"]
[WhiteElo "2223"]
[BlackElo "2133"]
[PlyCount "61"]
[EventDate "2004.10.24"]
[EventType "team-tourn"]
[EventRounds "9"]
[EventCountry "GER"]
[SourceTitle "EXT 2007"]
[Source "ChessBase"]
[SourceDate "2006.11.23"]
[SourceVersion "1"]
[SourceVersionDate "2006.11.23"]
[SourceQuality "1"]
[WhiteTeam "Bayern Muenchen II"]
[BlackTeam "Waldkirchen"]
[WhiteTeamCountry "GER"]
[BlackTeamCountry "GER"]

1. Nf3 d5 2. c4 d4 3. g3 g6 4. Bg2 Bg7 5. 0-0 e5 6. d3 Ne7 7. Nbd2 0-0 8. b4 a5 9. b5 a4 10. Rb1 f5 11. Rb4 Nd7 12. Rxa4 Rxa4 13. Qxa4 Nc5 14. Qa7 b6 15. Ba3 Ne6 16. Ne1 e4 17. dxe4 f4 18. Nd3 Rf7 19. Qa8 c5 20. bxc6 Nc7 21. Qa4 g5 22. Nb4 Ng6 23. Nd5 Ne5 24. Nf3 g4 25. Nxe5 Bxe5 26. Nxf4 Rxf4 27. gxf4 Bxf4 28. Qb4 Qf6 29. e3 Be5 30. f4 gxf3 31. Rxf3 1-0

[Event "Landesliga Sued 0304"]
[Site "Bayern"]
[Date "2004.01.18"]
[Round "5.7"]
[White "Lipok, Erik"]
[Black "Leitner, Maximilian"]
[Result "0-1"]
[WhiteElo "2050"]
[BlackElo "2194"]
[PlyCount "108"]
[EventDate "2003.10.12"]
[EventType "team-tourn"]
[EventRounds "9"]
[EventCountry "GER"]
[SourceTitle "EXT 2006"]
[Source "ChessBase"]
[SourceDate "2005.11.24"]
[SourceVersion "1"]
[SourceVersionDate "2005.11.24"]
[SourceQuality "1"]
[WhiteTeam "Waldkirch"]
[BlackTeam "Bayern Muenchen II"]
[WhiteTeamCountry "GER"]
[BlackTeamCountry "GER"]

1. d4 Nf6 2. g3 e6 3. Bg2 c5 4. c3 d5 5. Nf3 Nc6 6. 0-0 Be7 7. dxc5 Bxc5 8. b4 Be7 9. a3 0-0 10. Bb2 b5 11. Nfd2 Bb7 12. e4 Ne5 13. Qe2 Nc4 14. Nxc4 dxc4 15. a4 a6 16. Na3 Qb6 17. a5 Qc6 18. f3 Rad8 19. Rad1 Nd7 20. e5 f6 21. exf6 Bxf6 22. Nc2 Ne5 23. Nd4 Qe8 24. Ba1 Qh5 25. Nxe6 Rde8 26. Nf4 Qf7 27. Qc2 Bg5 28. Nh3 Be3+ 29. Kh1 Nd3 30. f4 h6 31. Bxb7 Qxb7+ 32. Qg2 Qc8 33. Ng1 Bxg1 34. Kxg1 Re3 35. Rd2 Rfe8 36. Bb2 Qg4 37. Bc1 Re1 38. Rxd3 cxd3 39. Qd5+ Kh8 40. Qxd3 Qe2 41. Qxe2 R8xe2 42. h3 Kg8 43. f5 Rxf1+ 44. Kxf1 Rc2 45. Be3 Rxc3 46. Kf2 Rb3 47. Bc5 h5 48. g4 Rxh3 49. g5 Kf7 50. Bd4 Rd3 51. g6+ Kg8 52. Bc5 Rd5 53. Be7 Rxf5+ 54. Kg3 Re5 0-1

[Event "Landesliga Sued 0304"]
[Site "Bayern"]
[Date "2003.10.12"]
[Round "1.7"]
[White "Leitner, Maximilian"]
[Black "Amelang, Thomas"]
[Result "1/2-1/2"]
[WhiteElo "2194"]
[BlackElo "2052"]
[PlyCount "105"]
[EventDate "2003.10.12"]
[EventType "team-tourn"]
[EventRounds "9"]
[EventCountry "GER"]
[SourceTitle "EXT 2006"]
[Source "ChessBase"]
[SourceDate "2005.11.24"]
[SourceVersion "1"]
[SourceVersionDate "2005.11.24"]
[SourceQuality "1"]
[WhiteTeam "Bayern Muenchen II"]
[BlackTeam "Muenchen Siemens"]
[WhiteTeamCountry "GER"]
[BlackTeamCountry "GER"]

1. c4 c5 2. Nc3 Nf6 3. g3 Nc6 4. Bg2 g6 5. Nf3 Bg7 6. d4 cxd4 7. Nxd4 0-0 8. Nc2 d6 9. 0-0 Be6 10. Ne3 Qd7 11. Rb1 Bh3 12. b3 Bxg2 13. Kxg2 Ng4 14. Ncd5 Nxe3+ 15. Bxe3 Rfd8 16. Bg5 h6 17. Bc1 Qf5 18. Bb2 e6 19. Bxg7 Kxg7 20. Nf4 d5 21. cxd5 exd5 22. Qd3 Qxd3 23. Nxd3 Re8 24. Rb2 Rac8 25. Rd1 Re7 26. b4 Nd4 27. e3 Nf5 28. Kh3 d4 29. exd4 Nxd4 30. Nf4 Nb5 31. Rd3 Rc3 32. Rd8 Nc7 33. Kg2 Rc6 34. b5 Rb6 35. a4 Ne6 36. Nxe6+ Rbxe6 37. a5 Re5 38. Ra8 b6 39. a6 Rc5 40. Rb8 Ree5 41. Rb7 Rxb5 42. Rxb5 Rxb5 43. Rxa7 Ra5 44. Kf3 Ra4 45. Ra8 b5 46. Ke3 Kf6 47. a7 Kg7 48. g4 g5 49. h3 Kh7 50. Kd3 Kg7 51. Ke3 Kh7 52. Kd3 Kg7 53. Ke3 1/2-1/2

[Event "Landesliga Sued 9495"]
[Site "Bayern"]
[Date "1995.02.05"]
[Round "5.2"]
[White "Geberl, Hans Walter"]
[Black "Leitner, Maximilian"]
[Result "1-0"]
[WhiteElo "2215"]
[BlackElo "2230"]
[PlyCount "51"]
[EventDate "1994.10.09"]
[EventType "team-tourn"]
[EventRounds "9"]
[EventCountry "GER"]
[SourceTitle "EXT 1999"]
[Source "ChessBase"]
[SourceDate "1998.11.16"]
[SourceVersion "1"]
[SourceVersionDate "1998.11.16"]
[SourceQuality "1"]
[WhiteTeam "Ingolstadt"]
[BlackTeam "Muenchen FC Bayern III"]
[WhiteTeamCountry "GER"]
[BlackTeamCountry "GER"]

1. e4 c5 2. d4 cxd4 3. c3 Nf6 4. e5 Nd5 5. Nf3 e6 6. cxd4 b6 7. Nc3 Nxc3 8. bxc3 Qc7 9. Be2 Ba6 10. Bxa6 Nxa6 11. Qd3 Nb8 12. 0-0 Nc6 13. Ng5 h6 14. Qh3 Be7 15. a4 Bxg5 16. Bxg5 Na5 17. f4 Rc8 18. f5 Qc6 19. Rf3 exf5 20. Raf1 0-0 21. Be7 Rfe8 22. Bf6 Re6 23. Qxf5 Kh8 24. Bxg7+ Kxg7 25. Qxf7+ Kh8 26. Rg3 1-0

[Event "AUT-chT2S 9394"]
[Site "Austria"]
[Date "1994.??.??"]
[Round "?"]
[White "Kastner, Walter"]
[Black "Leitner, Maximilian"]
[Result "1-0"]
[WhiteElo "2205"]
[BlackElo "2135"]
[PlyCount "97"]
[EventDate "1993.??.??"]
[EventType "team"]
[EventRounds "11"]
[EventCountry "AUT"]
[SourceTitle "EXT 1998"]
[Source "ChessBase"]
[SourceDate "1997.11.17"]
[SourceVersion "1"]
[SourceVersionDate "1997.11.17"]
[SourceQuality "1"]

1. Nf3 c5 2. c4 Nc6 3. d4 cxd4 4. Nxd4 Nf6 5. Nc3 d6 6. e4 Bd7 7. Be2 Nxd4 8. Qxd4 Bc6 9. 0-0 e6 10. Rd1 Qa5 11. Be3 Be7 12. f3 0-0 13. Qd2 Qc7 14. Rac1 Rac8 15. Nd5 exd5 16. cxd5 Qb8 17. dxc6 bxc6 18. Ba6 Rc7 19. Kh1 Nd7 20. b4 Ne5 21. a3 Rd8 22. Qc2 Rcd7 23. f4 Ng4 24. Bg1 c5 25. Qe2 Nh6 26. Bb5 Rb7 27. Bc6 Rc7 28. Bd5 Rdc8 29. b5 Bf8 30. a4 Kh8 31. Qc4 f6 32. Rb1 Re7 33. a5 Rce8 34. h3 Rd8 35. Bh2 f5 36. Bg3 Rde8 37. Bh4 Rxe4 38. Bxe4 Rxe4 39. Qd5 Rxf4 40. Bg5 Rb4 41. Rxb4 cxb4 42. Bxh6 gxh6 43. Qxf5 Bg7 44. Rc1 Bc3 45. b6 axb6 46. axb6 Kg8 47. Rf1 Bg7 48. Qe6+ Kh8 49. b7 1-0

[Event "AUT-chT2S 9394"]
[Site "Austria"]
[Date "1994.??.??"]
[Round "?"]
[White "Leitner, Maximilian"]
[Black "Zebedin, Wolfgang"]
[Result "0-1"]
[WhiteElo "2135"]
[BlackElo "2195"]
[PlyCount "54"]
[EventDate "1993.??.??"]
[EventType "team"]
[EventRounds "11"]
[EventCountry "AUT"]
[SourceTitle "EXT 1998"]
[Source "ChessBase"]
[SourceDate "1997.11.17"]
[SourceVersion "1"]
[SourceVersionDate "1997.11.17"]
[SourceQuality "1"]

1. d4 Nf6 2. Nf3 g6 3. g3 Bg7 4. Bg2 0-0 5. 0-0 d5 6. c4 dxc4 7. Ne5 c5 8. dxc5 Qc7 9. Nxc4 Qxc5 10. Nba3 Nc6 11. Be3 Qh5 12. f3 Rd8 13. Qb3 Nd5 14. g4 Qh4 15. Bf2 Qf6 16. Rfd1 Be6 17. Qxb7 Rdc8 18. Bg3 Nd4 19. Be5 Nxe2+ 20. Kf2 Qh4+ 21. Kxe2 Bxe5 22. Nxe5 Qxh2 23. Rxd5 Qxg2+ 24. Ke3 Rab8 25. Qxe7 Bxd5 26. Nd7 Qxf3+ 27. Kd4 Rb4+ 0-1

[Event "AUT-chT2S 9293"]
[Site "Austria"]
[Date "1993.??.??"]
[Round "?"]
[White "Fahrner, Kurt"]
[Black "Leitner, Maximilian"]
[Result "1-0"]
[WhiteElo "2265"]
[BlackElo "2255"]
[PlyCount "33"]
[EventDate "1992.??.??"]
[EventType "team"]
[EventRounds "11"]
[EventCountry "AUT"]
[SourceTitle "EXT 1998"]
[Source "ChessBase"]
[SourceDate "1997.11.17"]
[SourceVersion "1"]
[SourceVersionDate "1997.11.17"]
[SourceQuality "1"]

1. f4 e5 2. fxe5 d6 3. Nf3 dxe5 4. Nxe5 Bd6 5. Nf3 g5 6. g3 g4 7. Nh4 Ne7 8. d4 c5 9. dxc5 Qa5+ 10. b4 Qxb4+ 11. c3 Qxc5 12. Ba3 Qd5 13. Qxd5 Bxg3+ 14. hxg3 Nxd5 15. e4 Ne3 16. Bd3 Be6 17. Nd2 1-0

[Event "AUT-chT2S 9293"]
[Site "Austria"]
[Date "1993.??.??"]
[Round "?"]
[White "Supancic, Darko"]
[Black "Leitner, Maximilian"]
[Result "1-0"]
[WhiteElo "2375"]
[BlackElo "2255"]
[PlyCount "54"]
[EventDate "1992.??.??"]
[EventType "team"]
[EventRounds "11"]
[EventCountry "AUT"]
[SourceTitle "EXT 1998"]
[Source "ChessBase"]
[SourceDate "1997.11.17"]
[SourceVersion "1"]
[SourceVersionDate "1997.11.17"]
[SourceQuality "1"]

1. d4 Nf6 2. Nf3 d5 3. Bf4 e6 4. e3 c5 5. c3 Nc6 6. Nbd2 Bd6 7. Ne5 Bxe5 8. dxe5 Nd7 9. Qg4 Kf8 10. Qg3 Qb6 11. Rb1 Qa5 12. a3 b6 13. Bd3 Ba6 14. b4 Qxa3 15. Bxa6 Qxa6 16. b5 Qa4 17. bxc6 Qxc6 18. 0-0 b5 19. e4 a5 20. exd5 exd5 21. Rfe1 b4 22. e6 fxe6 23. Bd6+ Kf7 24. Nf3 e5 25. Nxe5+ Nxe5 26. Bxe5 Rhg8 27. Qf3+ Ke6 1-0

[Event "AUT-chT2S 9293"]
[Site "Austria"]
[Date "1993.??.??"]
[Round "?"]
[White "Watzka, Horst"]
[Black "Leitner, Maximilian"]
[Result "1-0"]
[WhiteElo "2325"]
[BlackElo "2255"]
[PlyCount "63"]
[EventDate "1992.??.??"]
[EventType "team"]
[EventRounds "11"]
[EventCountry "AUT"]
[SourceTitle "EXT 1998"]
[Source "ChessBase"]
[SourceDate "1997.11.17"]
[SourceVersion "1"]
[SourceVersionDate "1997.11.17"]
[SourceQuality "1"]

1. e4 c5 2. Nf3 Nc6 3. d4 cxd4 4. Nxd4 Nf6 5. Nc3 d6 6. Bc4 Qb6 7. Nb3 e6 8. 0-0 a6 9. a4 Qc7 10. a5 Be7 11. Be3 Nd7 12. f4 b5 13. axb6 Nxb6 14. Be2 Bb7 15. Na4 Nxa4 16. Rxa4 d5 17. f5 exf5 18. exd5 Rd8 19. c4 g6 20. Bh6 Ne5 21. Kh1 Bd6 22. Nd4 Rd7 23. Qc1 Qb6 24. Qc3 Rc7 25. b4 Bxd5 26. c5 Qb7 27. Nf3 Bxf3 28. Bxf3 Qb5 29. Qa1 Be7 30. Rxa6 Rc8 31. Rb6 Qc4 32. Qa4+ 1-0